|
|
|
|
| LEADER |
01255nam a22003257a 4500 |
| 001 |
43572 |
| 003 |
BD-DhAAL |
| 005 |
20241022121135.0 |
| 008 |
241022t1999 enka|||| |||| 001 0 eng d |
| 020 |
|
|
|a 0273632930
|
| 020 |
|
|
|a 9780273632931
|
| 040 |
|
|
|a BD-DhAAL
|c BD-DhAAL
|
| 082 |
|
|
|a 658.4
|
| 100 |
|
|
|a Clutterbuck, David,
|d 1947-
|9 17003
|
| 245 |
|
|
|a The interim manager :
|b a new career model for the experienced manager /
|c David Clutterbuck, Des Dearlove.
|
| 260 |
|
|
|a London :
|b Financial Times Pitman Publishing,
|c 1999.
|
| 300 |
|
|
|a xxii, 201 pages :
|b illustrations ;
|c 23 cm
|
| 490 |
|
|
|a Financial Times/Pitman Publishing series.
|
| 500 |
|
|
|a Includes index.
|
| 541 |
|
|
|e 43572
|a Savar campus Library
|
| 650 |
|
|
|a Temporary employment.
|9 17004
|
| 650 |
|
|
|a Executives
|x Employment.
|9 17005
|
| 650 |
|
|
|a Business executives.
|9 57028
|
| 650 |
|
|
|a Interim management.
|9 17006
|
| 700 |
|
|
|a Dearlove, Des.
|9 17007
|
| 830 |
|
|
|a Financial Times/Pitman Publishing series
|9 57029
|
| 852 |
|
|
|a Ayesha Abed Library
|
| 942 |
|
|
|2 ddc
|c BK
|
| 999 |
|
|
|c 36456
|d 36456
|
| 952 |
|
|
|0 0
|1 0
|2 ddc
|4 0
|6 658_400000000000000_CLU
|7 0
|9 57374
|a SCL
|b SCL
|c GEN
|d 2015-12-26
|e Savar Campus Library
|l 0
|o 658.4 CLU
|p 3020043572
|r 2015-12-26
|t 1
|w 2015-12-26
|y BK
|x Savar Campus Library
|